00642nam a22002177a 450000500170000001000150001702000270003203500140005903700130007308200120008610000210009824500730011926000570019227000430024930000200029250000400031270000200035270000150037270000210038770000160040820191129121320.0 aENG-127026 c4500.00a9788181714787 aEN-110558 bDBAD/PUB a591.954 aChandra, Kailash aFaunal diversity of Indian Himalaya /cby Kailash Chandra ...[et al] aKolkata bPublication Division by the Directorc2018 aM-Block, New AliporebKolkata e700053 a872p.c30cm(Hb) aIncludes bibliographical references aGupta, Devanshu aGopi, K.C. aTripathy Basudev aVikar Kumar